000 00192nam a2200109Ia 4500
100 _aKORDA/MICHALE
942 _cBK
245 _aSUCCESS
260 _b#N/A
546 _aENGLISH
999 _c25355
_d25355